ბათუმის შოთა რუსთაველის სახელმწიფო უნივერსიტეტის ბიბლიოთეკა

აქ ამ ყოფიერ დედამიწაზე. (ბიბ.ჩანაწერი № 44021)

000 -LEADER
fixed length control field 00832nam a2200253Ia 4500
001 - CONTROL NUMBER
control field 10771
003 - CONTROL NUMBER IDENTIFIER
control field GE_BSU
008 - FIXED-LENGTH DATA ELEMENTS--GENERAL INFORMATION
fixed length control field 181216s||||||||xx |||||||||||||| ||und||
020 ## - INTERNATIONAL STANDARD BOOK NUMBER
International Standard Book Number 9992844671
040 ## - CATALOGING SOURCE
Transcribing agency GE_BSU
080 ## - UNIVERSAL DECIMAL CLASSIFICATION NUMBER
Universal Decimal Classification number 821.353.1-1
100 ## - MAIN ENTRY--PERSONAL NAME
Personal name ქებურია,ბელა
245 ## - TITLE STATEMENT
Title აქ ამ ყოფიერ დედამიწაზე.
245 ## - TITLE STATEMENT
Remainder of title ლექსები.
245 ## - TITLE STATEMENT
Statement of responsibility, etc. რედ.ხათუნა თავდგირიძე;მხატვ.ვიეტა ქებურია.
260 ## - PUBLICATION, DISTRIBUTION, ETC.
Place of publication, distribution, etc. ბათუმი.
260 ## - PUBLICATION, DISTRIBUTION, ETC.
Name of publisher, distributor, etc. აჭარა.
260 ## - PUBLICATION, DISTRIBUTION, ETC.
Date of publication, distribution, etc. 2001.
300 ## - PHYSICAL DESCRIPTION
Extent 188გვ;20სმ.
300 ## - PHYSICAL DESCRIPTION
Accompanying material ფოტო გარეკანზე.
653 ## - INDEX TERM--UNCONTROLLED
Uncontrolled term აქ ამ ყოფიერ დედამიწაზე.
942 ## - ADDED ENTRY ELEMENTS (KOHA)
Koha item type წიგნი
ეგზემპლარები
Withdrawn status Lost status Damaged status Not for loan Date acquired Barcode Date last seen Price effective from Koha item type
        2018-12-17 35264 2018-12-17 2018-12-17 წიგნი
        2018-12-17 35265 2018-12-17 2018-12-17 წიგნი